Представление документа в формате MARC21

Поле Инд. ПП Название Значение
Тип записи a
Библиографический уровень m
001 Контрольный номер RU/IS/BASE/474980875
005 Дата корректировки 20150206140234.9
040 a Служба первич. каталог. НБ ТвГУ
b Код языка каталог. rus
e Правила каталог. PSBO
041 0_ a Код языка текста rus
080 a Индекс УДК 535(075.8)
084 a Индекс другой классификации/Индекс ББК В34я73-1
090 a Полочн. индекс В34
x Авторский знак М 82
100 1_ a Автор Москалев Василий Аркадьевич
q Полное имя Москалев В. А.
245 10 a Заглавие Теоретические основы оптико-физических исследований
b Продолж. заглавия учебное пособие для студентов оптических специальностей вузов
260 a Место издания Ленинград
b Издательство Машиностроение
c Дата издания 1987
300 a Объем 316, [2] с.
b Иллюстрации/ тип воспроизводства ил.
504 a Библиография Библиогр.: с. 316-317 (52)
653 a Ключевые слова Оптика
a Ключевые слова Оптико-физические исследования
a Ключевые слова Учебники для вузов
a Ключевые слова Физическая оптика
901 t Тип документа m
910 a гриф есть*
920 a Оператор Поля
a Оператор Суха
a Оператор Густ
a Оператор Стро
930 a Новая/Ретро новая
952 c Вид литературы К ру
954 a Дата поступления на обработку 20150202
c Дата окончания ОНО 20150206
b Дата поступления в ОК 20150119